Rozbor hospodárskej činnosti spoločného stravovania

Salvato in:
Dettagli Bibliografici
Autore principale: Michník, Ľubomír
Altri autori: Sniščák, Vincent
Natura: Libro
Lingua:slovacco
Pubblicazione: Bratislava Svépomoc 1972
Tags: Aggiungi Tag
Nessun Tag, puoi essere il primo ad aggiungerne!!

MARC

LEADER 00000nam a2200000 4500
001 c130937
005 20230116123121.8
041 0 |a slo 
044 |a SK 
245 1 0 |a Rozbor hospodárskej činnosti spoločného stravovania  |c Ľubomír Michník, Vincent Sniščák 
264 1 |a Bratislava  |b Svépomoc  |c 1972 
300 |a 213 s. 
100 1 |a Michník, Ľubomír 
700 1 |a Sniščák, Vincent